Dos tercios del diario de la aldea / (Registro nro. 31671)
[ vista simple ]
| 000 -CABECERA | |
|---|---|
| campo de control de longitud fija | 00780nam a2200241 a 4500 |
| 001 - NÚMERO DE CONTROL | |
| campo de control | 000032180 |
| 003 - IDENTIFICADOR DEL NÚMERO DE CONTROL | |
| campo de control | OSt |
| 005 - FECHA Y HORA DE LA ÚLTIMA TRANSACCIÓN | |
| campo de control | 20240412074255.0 |
| 008 - DATOS DE LONGITUD FIJA--INFORMACIÓN GENERAL | |
| campo de control de longitud fija | 110713s1944 dr r 000 p spa d |
| 040 ## - FUENTE DE LA CATALOGACIÓN | |
| Centro catalogador/agencia de origen | DO-SdBNP |
| Lengua de catalogación | spa |
| Centro/agencia transcriptor | BNPHU |
| 082 #4 - NÚMERO DE LA CLASIFICACIÓN DECIMAL DEWEY | |
| Número de clasificación | RD861.42 |
| Número de documento/Ítem | M843d, 1944 |
| Número de edición | 22 |
| 100 1# - ENTRADA PRINCIPAL--NOMBRE DE PERSONA | |
| Nombre de persona | Moreno Jimenes, Domingo, |
| Fechas asociadas al nombre | 1894-1986 |
| 9 (RLIN) | 19534 |
| 245 10 - MENCIÓN DE TÍTULO | |
| Título | Dos tercios del diario de la aldea / |
| Mención de responsabilidad, etc. | Domingo Moreno Jimenes. |
| 246 14 - FORMA VARIANTE DE TÍTULO | |
| Título propio/Titulo breve | El diario de la aldea |
| 250 ## - MENCIÓN DE EDICIÓN | |
| Mención de edición | 3a. ed. |
| 260 ## - PUBLICACIÓN, DISTRIBUCIÓN, ETC. | |
| Lugar de publicación, distribución, etc. | Santiago de los Caballeros, República Dominicana : |
| Nombre del editor, distribuidor, etc. | Librería Dominicana, |
| Fecha de publicación, distribución, etc. | 1944. |
| 300 ## - DESCRIPCIÓN FÍSICA | |
| Extensión | [24] p. ; |
| Dimensiones | 14 cm. |
| 590 ## - NOTA LOCAL (RLIN) | |
| Nota local | Inventariado, 2018/BT |
| 650 #0 - PUNTO DE ACCESO ADICIONAL DE MATERIA--TÉRMINO DE MATERIA | |
| Término de materia o nombre geográfico como elemento de entrada | Poesía dominicana |
| 9 (RLIN) | 66 |
| 650 #0 - PUNTO DE ACCESO ADICIONAL DE MATERIA--TÉRMINO DE MATERIA | |
| Término de materia o nombre geográfico como elemento de entrada | Literatura dominicana. |
| 9 (RLIN) | 67 |
| 910 ## - DATOS DE OPCIÓN DEL USUARIO (OCLC) | |
| Datos de opción del usuario | Validado. Control de calidad MFF |
| 942 ## - ELEMENTOS DE PUNTO DE ACCESO ADICIONAL (KOHA) | |
| Fuente del sistema de clasificación o colocación | Dewey Decimal Classification |
| Tipo de ítem Koha | Libro |
| Estado de retiro | Estado de pérdida | Fuente del sistema de clasificación o colocación | Restricciones de uso | No para préstamo | Código de colección | Localización permanente | Ubicación/localización actual | Ubicación en estantería | Fecha de adquisición | Número de inventario | Total de préstamos | Signatura topográfica completa | Código de barras | Fecha visto por última vez | Número de copia | Precio válido a partir de | Tipo de ítem Koha | Nota pública |
|---|---|---|---|---|---|---|---|---|---|---|---|---|---|---|---|---|---|---|
| Dewey Decimal Classification | Excluido de préstamo | Préstamo restrigido | Raros y valiosos | General | General | Depósito | 13.07.2011 | LF1 | RD861.42 M843d, 1944 | 32180-20 | 25.06.2020 | e.2 | 25.06.2020 | No se presta | ||||
| Excluido de préstamo | Raros y valiosos | General | General | Depósito | 13.07.2011 | LF2 | RD861.42 M843d, 1944 | 32180-10 | 25.06.2020 | 25.06.2020 | No se presta | Perteneció a la biblioteca personal de Martínez Boog. Dedicado por el autor. | ||||||
| Raros y valiosos | General | General | Depósito | 24.08.2018 | LF2 | RD861.42 M843d, 1944 | 32180-30 | 25.06.2020 | e.3 | 25.06.2020 | Préstamo en sala | Perteneció a la biblioteca personal de Carlos Larrazabal Blanco. |
